X-Factor Members Quiz Stats

 Plays Quiz not verified by Sporcle

Also try: Famous Ears
Challenge
Share
Tweet
Embed
Score 0/35 Timer 10:00
0 Plays Today
Era Joined Hero % Correct
Founding MembersCyclops
96.9%
Founding MembersAngel
95.5%
Founding MembersBeast
95.5%
Founding MembersJean Grey
94.6%
Founding MembersIceman
93.8%
Government-Sanctioned TeamStrong Guy
87.5%
Government-Sanctioned TeamHavok
86.2%
Government-Sanctioned TeamMultiple Man
84.8%
Government-Sanctioned TeamPolaris
82.6%
Government-Sanctioned TeamWolfsbane
82.6%
X-TerminatorsRictor
73.7%
Government-Sanctioned TeamMystique
68.8%
Government-Sanctioned TeamQuicksilver
68.3%
X-Factor InvestigationsSiryn
68.3%
Government-Sanctioned TeamForge
67.9%
X-TerminatorsBoom Boom
65.2%
Government-Sanctioned TeamSabretooth
63.4%
X-TerminatorsSkids
61.6%
Era Joined Hero % Correct
X-Factor InvestigationsMonet
61.6%
X-TerminatorsFirefist
59.8%
X-Factor InvestigationsLayla Miller
59.8%
X-TerminatorsLeech
58.9%
Government-Sanctioned TeamValerie Cooper
58.9%
X-TerminatorsArtie
58%
X-Factor InvestigationsShatterstar
58%
X-Factor InvestigationsLongshot
55.8%
Government-Sanctioned TeamWild Child
55.4%
Government-Sanctioned TeamShard
50.4%
Founding MembersCaliban
48.7%
X-Factor InvestigationsDarwin
48.7%
Government-Sanctioned TeamRandom
46.4%
X-TerminatorsWiz Kid
35.3%
Government-Sanctioned TeamGreystone
34.4%
Government-Sanctioned TeamFixx
34.4%
Government-Sanctioned TeamArcher
33%

You're not logged in!

Compare scores with friends on all Sporcle quizzes.
Join for Free
OR
Log In

You Might Also Like...

Show Comments

Extras

Created Nov 23, 2009ReportFavoriteNominate
Tags:era, hero, joined, x-factor

Top Quizzes Today


Score Distribution

Your Account Isn't Verified!

In order to create a playlist on Sporcle, you need to verify the email address you used during registration. Go to your Sporcle Settings to finish the process.

Report this User

Report this user for behavior that violates our Community Guidelines.

Details: